[Event "Challenge"]
[Site "http://www.queenalice.com/game.php?id=235430"]
[Date "2007.7.6"]
[Round "-"]
[White "Atilaht"]
[Black "reccanello"]
[Result "1-0"]
[WhiteElo "1247"]
[BlackElo "1164"]

1. Nc3 e5 2. Nf3 Nc6 3. d3 Nf6 4. Bg5 Bc5 5. e3 d5 6. a3 a5 7. Na4 b6 8. h3 h6
9. Bh4 O-O 10. Qd2 d4 11. e4 Be6 12. Nxc5 bxc5 13. c4 a4 14. g4 g5 15. Bg3 Na5
16. Nxg5 hxg5 17. Bxe5 Kg7 18. Qxg5+ 1-0

[Event "Challenge #8"]
[Site "http://www.queenalice.com/game.php?id=240212"]
[Date "2007.7.15"]
[Round "-"]
[White "Atilaht"]
[Black "rdaigle2003"]
[Result "1-0"]
[WhiteElo "1241"]
[BlackElo "1168"]

1. Nf3 d5 2. Ne5 f6 3. Nf3 Nc6 4. Nc3 e6 5. Nb5 e5 6. e3 d4 7. exd4 e4 8. Ng1
Nxd4 9. Bc4 Bc5 10. Qh5+ g6 11. Qxc5 Nxb5 12. Bxb5+ c6 13. Bc4 Ne7 14. Qe3 b5
15. Be2 f5 16. b3 O-O 17. a4 b4 18. Nh3 Nd5 19. Qc5 Rf6 20. c4 Nb6 21. Nf4 h5
22. a5 Nd7 23. Qd4 Rd6 24. Qxd6 Bb7 25. a6 g5 26. Ne6 Qc8 27. axb7 Qxb7 28. Nc7
Rc8 29. Qxd7 Rxc7 30. Qxf5 g4 31. h3 g3 32. Bxh5 Qb6 33. O-O gxf2+ 34. Rxf2 Qd4
35. Qg6+ Rg7 36. Qe8+ Kh7 37. Ra5 e3 38. Qxe3 Qh4 39. Bb2 Re7 40. Rxa7 1-0

[Event "Challenge #9"]
[Site "http://www.queenalice.com/game.php?id=240213"]
[Date "2007.7.15"]
[Round "-"]
[White "Romerflu"]
[Black "Atilaht"]
[Result "0-1"]
[WhiteElo "1015"]
[BlackElo "1222"]

1. d4 e6 2. Qd2 Nc6 3. Qg5 f6 4. Qh5+ g6 5. Qh3 Bb4+ 6. c3 Bf8 7. Qxe6+ dxe6 8.
f4 Bh6 9. h4 Nge7 10. Rh3 Nf5 11. g4 Ng7 12. d5 Qxd5 13. Rd3 Qe4 14. Nf3 Bxf4
15. Nbd2 Qa4 16. b3 Qb5 17. c4 Qb4 18. a3 Qa5 19. b4 Qa4 20. Ra2 Nxb4 21. axb4
Qxa2 22. Rd4 g5 23. hxg5 fxg5 24. b5 h5 25. Ne4 hxg4 26. Bxf4 gxf4 27. Nf6+ Kf8
28. Rd8+ Ke7 29. Rxh8 Qa1+ 30. Kd2 Qxf6 31. Nh4 Qf7 32. Bg2 Rb8 33. c5 a6 34.
bxa6 bxa6 35. e3 e5 36. Rh6 f3 37. Ng6+ Kd8 38. Rh8+ Ne8 39. Nxe5 Qd5+ 40. Ke1
fxg2 41. Nc6+ Qxc6 42. Rxe8+ Kxe8 43. Kf2 Rb2+ 44. Kg3 g1=Q+ 45. Kf4 Qxc5 46. e4
Rf2# 0-1

[Event "Challenge #10"]
[Site "http://www.queenalice.com/game.php?id=241132"]
[Date "2007.7.17"]
[Round "-"]
[White "Atilaht"]
[Black "KrikorMendes"]
[Result "1/2-1/2"]
[WhiteElo "1179"]
[BlackElo "1232"]

1. e3 b6 2. Nf3 e6 3. Ne5 d6 4. Nf3 g5 5. Bb5+ Bd7 6. a4 a6 7. Bxd7+ Qxd7 8. b3
g4 9. Nh4 e5 10. Bb2 b5 11. Nc3 Be7 12. g3 b4 13. Nb1 Qc6 14. Rg1 Bf6 15. Qxg4
Qxc2 16. Qc8+ Ke7 17. Qb7 Qxb2 18. Nf5+ Ke6 19. Qc8+ Nd7 20. Qxa8 Qxa1 21. Ke2
Ne7 22. Qxa6 Nxf5 23. g4 Nh4 24. Qc4+ Ke7 25. Qxc7 Bg5 26. a5 e4 27. Qa7 Qa2 28.
Qd4 Bf6 29. Qxe4+ Ne5 30. f4 Qxa5 31. d4 Rc8 32. g5 Qb5+ 33. Kf2 Kd7 34. gxf6
Nd3+ 35. Kg3 Rg8+ 36. Kxh4 Rxg1 37. Nd2 d5 38. Qxh7 Ke6 39. Nf3 Kxf6 40. Nxg1
Nc1 41. Qc2 Qd3 42. Qxc1 Qxb3 43. Nf3 Qa3 44. Qxa3 bxa3 45. Nd2 a2 46. Nb3 Kf5
47. Kh5 Ke4 48. h4 Kxe3 49. Kg5 Kd3 50. h5 Kc3 51. Na1 Kb2 52. h6 Kxa1 53. h7
Kb2 54. h8=Q a1=Q 55. Qe5 Qa5 56. Kf6 Qa7 57. Qxd5 Qb6+ 58. Kxf7 Qc7+ 59. Kf6
Qxf4+ 60. Ke6 Kc3 61. Qe5 Qxd4 62. Qxd4+ Kxd4 63. Kd7 Kd5 1/2-1/2

[Event "Challenge #12"]
[Site "http://www.queenalice.com/game.php?id=241221"]
[Date "2007.7.17"]
[Round "-"]
[White "Petruzza"]
[Black "Atilaht"]
[Result "0-1"]
[WhiteElo "974"]
[BlackElo "1140"]

1. e4 Nf6 2. Qf3 e6 3. d4 Bb4+ 4. Bd2 Qe7 5. e5 Nd5 6. c4 Bxd2+ 7. Nxd2 Nb6 8.
c5 Nd5 9. a3 a6 10. Bc4 Nc6 11. Nb3 b5 12. Bxd5 exd5 13. Qxd5 Rb8 14. Qf3 O-O
15. Ne2 a5 16. a4 Qe6 17. axb5 Rxb5 18. Nec1 Nb4 19. Kd2 c6 20. Rxa5 Rxa5 21.
Nxa5 Ba6 22. Kc3 Nd5+ 23. Kd2 Ne7 24. Ne2 Rb8 25. Rb1 Rb5 26. Nf4 Qa2 27. Nxc6
dxc6 28. Kc2 Rb4 29. Ne2 Bb5 30. Nc3 Ba4+ 31. Nxa4 Qxa4+ 32. Kc1 Rxd4 33. h4
Rc4+ 34. Qc3 Qa2 35. f4 Nf5 36. g4 Nxh4 37. g5 Ng6 38. f5 Nxe5 39. Qxc4 Qxc4+
40. Kd2 Qa2 41. Re1 Qxb2+ 42. Kd1 h5 43. Re2 Qa1+ 44. Kd2 f6 45. g6 h4 46. Re1
Qb2+ 47. Ke3 Qb4 48. Rd1 Qxc5+ 49. Kf4 Kf8 50. Rd8+ Ke7 51. Rh8 Qd4# 0-1

[Event "Challenge #13"]
[Site "http://www.queenalice.com/game.php?id=241661"]
[Date "2007.7.18"]
[Round "-"]
[White "willys"]
[Black "Atilaht"]
[Result "1-0"]
[WhiteElo "1163"]
[BlackElo "1285"]

1. d4 e6 2. c4 Bb4+ 3. Bd2 Bd6 4. e4 Nc6 5. Nf3 a5 6. a4 Qf6 7. Nc3 b6 8. g3 Nb4
9. Be2 Nh6 10. O-O Ng4 11. e5 Nxe5 12. dxe5 Bxe5 13. Nxe5 Qxe5 14. Bf4 Qc5 15.
Nb5 d6 16. Be3 Qc6 17. Bf3 d5 18. Bf4 Na6 19. cxd5 Qc5 20. Rc1 O-O 21. Rxc5 Nxc5
22. d6 Bd7 23. Bxa8 Rxa8 24. dxc7 f6 25. Qxd7 Nxd7 26. Rd1 e5 27. Rxd7 exf4 28.
Rd8+ Rxd8 29. cxd8=Q+ Kf7 30. gxf4 f5 31. Qd7+ Kg6 32. Nd6 1-0

[Event "Challenge #15"]
[Site "http://www.queenalice.com/game.php?id=242262"]
[Date "2007.7.19"]
[Round "-"]
[White "Atilaht"]
[Black "Tchek"]
[Result "0-1"]
[WhiteElo "1247"]
[BlackElo "1657"]

1. e4 e5 2. Nf3 Nc6 3. Nc3 Bc5 4. Nd5 Nf6 5. c4 Nxd5 6. exd5 Nd4 7. Bd3 d6 8.
Rb1 Bg4 9. h3 Nxf3+ 10. gxf3 Bh5 11. b4 Bd4 12. Rg1 Qh4 13. Qe2 Qxh3 14. Rg4
Qh1+ 15. Qf1 Qxf3 16. Be2 Qf5 17. d3 Bxg4 18. f3 Bh5 19. Qg2 O-O-O 20. b5 g5 21.
Qxg5 Qh3 22. Be3 Rhg8 23. Qxg8 Rxg8 24. Kd2 Bxf3 25. Bxd4 exd4 26. Rf1 Bxe2 27.
Kxe2 Rg2+ 28. Ke1 Qe3+ 29. Kd1 Qd2# 0-1

[Event "Challenge #16"]
[Site "http://www.queenalice.com/game.php?id=242330"]
[Date "2007.7.19"]
[Round "-"]
[White "Atilaht"]
[Black "Menalque"]
[Result "0-1"]
[WhiteElo "1246"]
[BlackElo "1762"]

1. d4 d5 2. Nc3 Nf6 3. Bg5 e6 4. Nf3 Nc6 5. Qd2 Be7 6. e3 O-O 7. Bb5 Bd7 8. Qd3
a6 9. Bxc6 bxc6 10. Ne5 c5 11. a4 cxd4 12. Qxd4 c5 13. Qd3 Ne8 14. Nf3 Bxg5 15.
h4 c4 16. Qd4 Be7 17. h5 h6 0-1

[Event "Challenge"]
[Site "http://www.queenalice.com/game.php?id=244059"]
[Date "2007.7.23"]
[Round "-"]
[White "Leofelix"]
[Black "Atilaht"]
[Result "1-0"]
[WhiteElo "1671"]
[BlackElo "1250"]

1. d4 d5 2. Bf4 Bf5 3. Nc3 Nf6 4. f3 Nc6 5. Nb5 e5 6. dxe5 Nh5 7. Bd2 Be6 8. c3
d4 9. e3 dxe3 10. Bxe3 Qd7 11. Qxd7+ Kxd7 12. Rd1+ Ke7 13. Nxc7 Rc8 14. Bc5# 1-0

[Event "Challenge #17"]
[Site "http://www.queenalice.com/game.php?id=244062"]
[Date "2007.7.23"]
[Round "-"]
[White "hk1960"]
[Black "Atilaht"]
[Result "0-1"]
[WhiteElo "960"]
[BlackElo "1205"]

1. e4 e5 2. Qe2 Bb4 3. c3 Ba5 4. Qb5 Bb6 5. Qxe5+ Kf8 6. d4 Nc6 7. Qd5 Qe7 8.
Qb3 d6 9. Nf3 Qxe4+ 10. Be2 Nf6 11. O-O Qxe2 12. Nfd2 Bf5 13. c4 Bxd4 14. Qb5
Bc8 15. c5 Qxb5 16. cxd6 cxd6 17. Na3 Qd3 18. Nb3 Be5 19. Nd2 Ng4 20. b4 Bxh2+
21. Kh1 Nd4 22. Nab1 Nc2 23. f3 Nge3 24. Kxh2 Nxf1+ 25. Nxf1 Nxa1 26. Nbd2 Be6
27. f4 Bf5 28. g3 Re8 29. b5 Nc2 30. Bb2 Re2+ 31. Kg1 Ne3 32. Nxe3 Qxe3+ 33. Kf1
Qxd2 34. Bxg7+ Kxg7 0-1

[Event "Challenge #20"]
[Site "http://www.queenalice.com/game.php?id=244103"]
[Date "2007.7.23"]
[Round "-"]
[White "Atilaht"]
[Black "anakarine"]
[Result "0-1"]
[WhiteElo "1246"]
[BlackElo "1395"]

1. e3 d5 2. d4 e6 3. c4 Nf6 4. c5 a6 5. Nf3 Nc6 6. Qa4 Bd7 7. b4 b5 8. Qb3 Be7
9. Nbd2 O-O 10. Bb2 Ng4 11. Qd3 Nxb4 12. Qb3 a5 13. h3 Nf6 14. Ne5 Be8 15. a3
Na6 0-1

[Event "Challenge #18"]
[Site "http://www.queenalice.com/game.php?id=245416"]
[Date "2007.7.25"]
[Round "-"]
[White "Atilaht"]
[Black "Baal"]
[Result "0-1"]
[WhiteElo "1292"]
[BlackElo "1480"]

1. d4 d5 2. Bf4 Nf6 3. Nc3 Bf5 4. e3 e6 5. Nf3 Bb4 6. Ne5 Ne4 7. Qh5 O-O 8. Rd1
Nd7 9. Bb5 Ndf6 10. Qe2 Bxc3+ 11. bxc3 Nxc3 12. Qd2 Nxd1 13. Qxd1 Qd6 14. Bd3
Qb4+ 15. Ke2 b6 0-1

[Event "AUTO-BEG-123"]
[Site "http://www.queenalice.com/game.php?id=247167"]
[Date "2007.7.28"]
[Round "1"]
[White "Augustodombosco"]
[Black "Atilaht"]
[Result "1-0"]
[WhiteElo "1352"]
[BlackElo "1268"]

1. e4 e5 2. Nf3 d6 3. Bc4 Bg4 4. h3 Bd7 5. d3 c6 6. Nc3 b5 7. Bb3 h6 8. Be3 b4
9. Ne2 c5 10. a3 Nc6 11. Bd5 a5 12. axb4 cxb4 13. c3 1-0

[Event "AUTO-BEG-123"]
[Site "http://www.queenalice.com/game.php?id=247168"]
[Date "2007.7.28"]
[Round "1"]
[White "Atilaht"]
[Black "Augustodombosco"]
[Result "0-1"]
[WhiteElo "1283"]
[BlackElo "1338"]

1. Nf3 d5 2. e3 Bg4 3. h3 Bh5 4. g4 Bg6 5. d3 Nc6 6. Nd4 Nxd4 7. exd4 e6 8. Nd2
Ne7 9. Nf3 f5 10. Qe2 Qd6 11. Ne5 Nc6 12. c3 O-O-O 0-1

[Event "AUTO-BEG-123"]
[Site "http://www.queenalice.com/game.php?id=247182"]
[Date "2007.7.28"]
[Round "1"]
[White "josh_hh"]
[Black "Atilaht"]
[Result "0-1"]
[WhiteElo "1106"]
[BlackElo "1250"]

1. a4 e5 2. Ra3 Bxa3 3. bxa3 Qh4 4. Nc3 Nf6 5. Nb5 Na6 6. Nxc7+ Nxc7 7. Bb2 Qxa4
8. h4 d6 9. Nf3 h6 10. h5 g5 11. Nxe5 Qb5 12. Bc3 dxe5 13. Bxe5 Qxe5 14. g3 Nb5
15. e3 O-O 16. Bxb5 Qxb5 17. c4 Qxc4 18. Rh2 Bg4 19. Qb1 Qe2# 0-1

[Event "AUTO-BEG-123"]
[Site "http://www.queenalice.com/game.php?id=247183"]
[Date "2007.7.28"]
[Round "1"]
[White "Atilaht"]
[Black "mrparkerpawn"]
[Result "0-1"]
[WhiteElo "1256"]
[BlackElo "1526"]

1. Nf3 d5 2. Ne5 e6 3. e3 Nf6 4. Bb5+ c6 5. Ba4 Ne4 6. Qf3 Qf6 7. d4 Qxf3 8.
gxf3 Nf6 9. b3 Na6 10. c3 Bd6 11. Nd2 O-O 12. b4 b5 13. Bc2 Nd7 14. Nxc6 Nb6 15.
f4 f5 16. Bb3 Rf7 17. Rg1 Bd7 18. Ne5 Bxe5 19. fxe5 Nc4 0-1

[Event "AUTO-BEG-123"]
[Site "http://www.queenalice.com/game.php?id=247184"]
[Date "2007.7.28"]
[Round "1"]
[White "mrparkerpawn"]
[Black "Atilaht"]
[Result "1-0"]
[WhiteElo "1531"]
[BlackElo "1251"]

1. d4 Nf6 2. e3 e6 3. Bd3 d5 4. Nd2 c6 5. f4 h5 6. Ngf3 Ne4 7. O-O f6 8. Nxe4
dxe4 9. Bxe4 Rh6 10. Nh4 Kf7 11. Bg6+ Rxg6 12. Qxh5 Ke7 13. Nxg6+ Kd7 14. Qh8
Kc7 15. Qxf8 Nd7 16. Qxd8+ Kxd8 17. Rf3 f5 18. Rh3 Nf6 19. Rh8+ Ne8 20. Bd2 1-0

[Event "Challenge #21"]
[Site "http://www.queenalice.com/game.php?id=248054"]
[Date "2007.7.30"]
[Round "-"]
[White "PedroNRF"]
[Black "Atilaht"]
[Result "1-0"]
[WhiteElo "1713"]
[BlackElo "1283"]

1. e4 e5 2. Nf3 d6 3. Nc3 f5 4. d4 exd4 5. Nd5 Nc6 6. Bb5 a6 7. Bc4 b5 8. Bd3
Nf6 9. Ng5 h6 10. Nxf6+ Qxf6 11. Nh3 Ne5 12. Nf4 Nxd3+ 13. cxd3 g6 14. Nd5 Qf7
15. Qc2 Ra7 16. Qc6+ Kd8 17. Qc2 Be6 18. Nb4 Bd7 19. Nc6+ Bxc6 20. Qxc6 Qe6 21.
O-O g5 22. Re1 g4 23. Bf4 Be7 24. b3 Bg5 25. Bxg5+ hxg5 26. exf5 Qh6 27. Qe4 1-0